<?xml version="1.0" encoding="UTF-8"?><marc:collection xmlns:marc="http://www.loc.gov/MARC21/slim">
  <marc:record>
    <marc:leader>00000nam  2200000zi 4500</marc:leader>
    <marc:controlfield tag="001">9.939418</marc:controlfield>
    <marc:controlfield tag="003">CaOODSP</marc:controlfield>
    <marc:controlfield tag="005">20240918074655</marc:controlfield>
    <marc:controlfield tag="006">m     o  d f      </marc:controlfield>
    <marc:controlfield tag="007">cr mn|||||||||</marc:controlfield>
    <marc:controlfield tag="008">240617e202408##onc     ob   f100 0 eng d</marc:controlfield>
    <marc:datafield tag="020" ind1=" " ind2=" ">
      <marc:subfield code="a">9780660723877</marc:subfield>
    </marc:datafield>
    <marc:datafield tag="040" ind1=" " ind2=" ">
      <marc:subfield code="a">CaOODSP</marc:subfield>
      <marc:subfield code="b">eng</marc:subfield>
      <marc:subfield code="e">rda</marc:subfield>
      <marc:subfield code="c">CaOODSP</marc:subfield>
    </marc:datafield>
    <marc:datafield tag="043" ind1=" " ind2=" ">
      <marc:subfield code="a">n-cn-ns</marc:subfield>
      <marc:subfield code="a">n-cn-nk</marc:subfield>
      <marc:subfield code="a">ln-----</marc:subfield>
    </marc:datafield>
    <marc:datafield tag="086" ind1="1" ind2=" ">
      <marc:subfield code="a">Fs70-4/2024-032E-PDF</marc:subfield>
    </marc:datafield>
    <marc:datafield tag="245" ind1="0" ind2="0">
      <marc:subfield code="a">Proceedings of the Maritimes regional peer review of the southwest Nova Scotia/Bay of Fundy herring framework : </marc:subfield>
      <marc:subfield code="b">part 3 - management strategy evaluation : meeting dates, February 16-17, 2022 : location, virtual meeting / </marc:subfield>
      <marc:subfield code="c">chairperson, Kent Smedbol ; editor, Rabindra Singh.</marc:subfield>
    </marc:datafield>
    <marc:datafield tag="264" ind1=" " ind2="1">
      <marc:subfield code="a">Ottawa ON : </marc:subfield>
      <marc:subfield code="b">Canadian Science Advisory Secretariat (CSAS), </marc:subfield>
      <marc:subfield code="c">August 2024.</marc:subfield>
    </marc:datafield>
    <marc:datafield tag="264" ind1=" " ind2="4">
      <marc:subfield code="c">©2024</marc:subfield>
    </marc:datafield>
    <marc:datafield tag="300" ind1=" " ind2=" ">
      <marc:subfield code="a">1 online resource (iv, 15 pages).</marc:subfield>
    </marc:datafield>
    <marc:datafield tag="336" ind1=" " ind2=" ">
      <marc:subfield code="a">text</marc:subfield>
      <marc:subfield code="b">txt</marc:subfield>
      <marc:subfield code="2">rdacontent</marc:subfield>
    </marc:datafield>
    <marc:datafield tag="337" ind1=" " ind2=" ">
      <marc:subfield code="a">computer</marc:subfield>
      <marc:subfield code="b">c</marc:subfield>
      <marc:subfield code="2">rdamedia</marc:subfield>
    </marc:datafield>
    <marc:datafield tag="338" ind1=" " ind2=" ">
      <marc:subfield code="a">online resource</marc:subfield>
      <marc:subfield code="b">cr</marc:subfield>
      <marc:subfield code="2">rdacarrier</marc:subfield>
    </marc:datafield>
    <marc:datafield tag="490" ind1="1" ind2=" ">
      <marc:subfield code="a">Proceedings series, </marc:subfield>
      <marc:subfield code="x">1701-1280 ; </marc:subfield>
      <marc:subfield code="v">2024/032</marc:subfield>
    </marc:datafield>
    <marc:datafield tag="500" ind1=" " ind2=" ">
      <marc:subfield code="a">Issued also in French under title: Compte rendu de l'examen par les pairs de la région des Maritimes sur le cadre de travail sur le hareng du Sud-ouest de la Nouvelle-Écosse et de la baie de Fundy : partie 3 - évaluation de la stratégie de gestion : dates de la réunion, du 16 au 17 février 2022 : endroit, réunion virtuelle.</marc:subfield>
    </marc:datafield>
    <marc:datafield tag="504" ind1=" " ind2=" ">
      <marc:subfield code="a">Includes bibliographical references.</marc:subfield>
    </marc:datafield>
    <marc:datafield tag="520" ind1=" " ind2=" ">
      <marc:subfield code="a">"The Southwest Nova Scotia/Bay of Fundy (SWNS/BoF) management component of the 4VWX Atlantic Herring (Clupea harengus) stock has been without a modeling framework for about two decades and management decisions have been based on trends in an acoustic index of spawning stock biomass. At the time of this meeting, the status of the SWNS/BoF Herring management component was determined to be in the critical zone of the Fisheries and Oceans Canada (DFO) Precautionary Approach (PA). DFO Maritimes Region began a Management Strategy Evaluation (MSE) process as the modelling framework for SWNS/BoF Herring in 2019. This meeting was the final meeting of four Science Advisory Process meetings to develop this MSE framework. The first meeting was in February 2019 and addressed the data inputs. The second set of meetings were in January 2020 and May 2020 and were a review of the conditioning of the operating models to be used in the MSE. The objectives of this final meeting were to summarize the progress that had been made since the last meeting and a review of the framework used to evaluate candidate Management Procedures (MPs) against objectives in DFO's PA Policy and objectives defined by stakeholders. This meeting also included a review of the situations under which the advice from an MP may be over-ridden (exceptional circumstances). Participants at this meeting included DFO Science, DFO Ecosystem Management, Province of Nova Scotia, Province of New Brunswick, Indigenous communities/organizations, Fishing Industry, non-government organizations, and external experts"--Summary, page iv.</marc:subfield>
    </marc:datafield>
    <marc:datafield tag="650" ind1=" " ind2="0">
      <marc:subfield code="a">Atlantic herring fisheries</marc:subfield>
      <marc:subfield code="z">Nova Scotia</marc:subfield>
      <marc:subfield code="z">Atlantic Coast</marc:subfield>
      <marc:subfield code="x">Management</marc:subfield>
      <marc:subfield code="v">Congresses.</marc:subfield>
    </marc:datafield>
    <marc:datafield tag="650" ind1=" " ind2="0">
      <marc:subfield code="a">Atlantic herring fisheries</marc:subfield>
      <marc:subfield code="z">Fundy, Bay of</marc:subfield>
      <marc:subfield code="x">Management</marc:subfield>
      <marc:subfield code="v">Congresses.</marc:subfield>
    </marc:datafield>
    <marc:datafield tag="655" ind1=" " ind2="7">
      <marc:subfield code="a">Conference papers and proceedings</marc:subfield>
      <marc:subfield code="2">lcgft</marc:subfield>
    </marc:datafield>
    <marc:datafield tag="700" ind1="1" ind2=" ">
      <marc:subfield code="a">Smedbol, R. Kent </marc:subfield>
      <marc:subfield code="q">(Robert Kent), </marc:subfield>
      <marc:subfield code="d">1968-</marc:subfield>
    </marc:datafield>
    <marc:datafield tag="710" ind1="2" ind2=" ">
      <marc:subfield code="a">Canadian Science Advisory Secretariat, </marc:subfield>
      <marc:subfield code="e">issuing body.</marc:subfield>
    </marc:datafield>
    <marc:datafield tag="710" ind1="1" ind2=" ">
      <marc:subfield code="a">Canada. </marc:subfield>
      <marc:subfield code="b">Department of Fisheries and Oceans. </marc:subfield>
      <marc:subfield code="b">Maritimes Region, </marc:subfield>
      <marc:subfield code="e">issuing body.</marc:subfield>
    </marc:datafield>
    <marc:datafield tag="775" ind1="0" ind2="8">
      <marc:subfield code="t">Compte rendu de l'examen par les pairs de la région des Maritimes sur le cadre de travail sur le hareng du Sud-ouest de la Nouvelle-Écosse et de la baie de Fundy : </marc:subfield>
      <marc:subfield code="w">(CaOODSP)9.939419</marc:subfield>
    </marc:datafield>
    <marc:datafield tag="830" ind1="#" ind2="0">
      <marc:subfield code="a">Proceedings series (Canadian Science Advisory Secretariat)</marc:subfield>
      <marc:subfield code="v">2024/032.</marc:subfield>
      <marc:subfield code="w">(CaOODSP)9.506483</marc:subfield>
    </marc:datafield>
    <marc:datafield tag="856" ind1="4" ind2="0">
      <marc:subfield code="q">PDF</marc:subfield>
      <marc:subfield code="s">463 KB</marc:subfield>
      <marc:subfield code="u">https://publications.gc.ca/collections/collection_2024/mpo-dfo/fs70-4/Fs70-4-2024-032-eng.pdf</marc:subfield>
    </marc:datafield>
  </marc:record>
</marc:collection>
